01739nam a2200397 a 4500001001000000003000500010005001700015008004100032010001100073011001100084040000900095090001000104100004000114245019700154260004100351500006000392502009200452590004100544590004000585590004000625590004000665590004000705650004100745650002700786650003300813650003100846650003400877700004200911856007000953901000701023942001001030942000601040999001901046952014001065952013601205000110555CHAP20220329144138.0140910s2014 mx sm |||||||spa d a107017 a107989 cCHAP aTesis1 aGallegos Hernández, Karen912835310aCaracterización agroecológica y socioeconómica del sistema cacao en el Municipio Maravilla Tenejapa, Chiapash[En línea]cpor Karen Gallegos Hernández y Laura Mitzel De la O Navarro. aChapingo, Méx. :bEl autor,c2014. aPara ver el contenido del material haga clic en la liga aTesis (Ing. Agr. Esp. en Recursos Naturales Renovables) -- UACH. Departamento de Suelos aBATCH-UPDb05c20141002lUCH01h0906 aE5765TAJb05c20140910lUCH01h1109 aE5765TAJb05c20140910lUCH01h1110 aE5765TAJb05c20140910lUCH01h1110 aE5765TAJb05c20140910lUCH01h112414aCacaoxAspectos económicos.91692214aCacaoxChiapas.91693014aCacaoxProducción.912484614aCacaoxRendimiento.91697014aEcología agrícola.9351651 aO Navarro, Laura Mitzel de la9128354 aFinding aiduhttp://10.13.5.2/tesis/sist110555.pdfzTeclea aquí aBK cTESIS n0 c107017d107017 00102local4053708TESISaBCbBCcPA_TESISd2014-09-10fTESISl0oTesisp33724002421751r2019-12-31 00:00:00tc.2w2019-12-31yTESIS 00104054718TESISaBCbBCd2014-09-10fTESISl0oTesisp33724002421793r2019-12-31 00:00:00w2019-12-31yTESISzRecien adquirido